000 00275nam a2200097Ia 4500
001 810293
005 20250826171518.0
008 250824s9999 xx 000 0 und d
245 0 _aKAPTAN DÜŞÜK DON TUHAF ROBOT SÜMÜKLERİN İNTİKAMI
_cDAV PILKEY
260 _bALTIN YAYINLARI
999 _c810293
_d810293